00366nam a2200121Ia 4500008004100000245010300041260001700144260000900161300000900170650002300179650001200202856003000214170516s9999 xx 000 0 und d 2aA Novel SNPs Detection Method Based on Gold Magnetic Nanoparticles Array and Single Base Extension bTheranostics c2012 a2:10 xMedical Technology xMedtech uhttp://www.thno.org/v2i10